|
|
|
|
| LEADER |
00000nam a22000007a 4500 |
| 005 |
20200721001924.0 |
| 007 |
cr|||| |||| |
| 008 |
200721s2019 co |||||s|||| 00||0 spa d |
| 020 |
|
|
|a 978-958-774-847-5
|
| 035 |
|
|
|a 31839
|
| 040 |
|
|
|a vLex
|
| 090 |
|
|
|c 10662
|d 10662
|
| 100 |
1 |
|
|a Vargas Trujillo, Elvia
|
| 245 |
1 |
0 |
|a Embarazo temprano
|h [Recurso electrn̤ico] :
|b evidencias de la investigacin̤ en Colombia /
|c Elvia Vargas Trujillo, Carmen Elisa Flr̤ez, Darwin Cortš, Marta Carolina Ibarra
|
| 256 |
|
|
|a Servicio en ln̕ea
|
| 260 |
|
|
|a Bogot:̀
|b Universidad de Los Andes (Colombia),
|c 2019
|
| 300 |
|
|
|a 1 recurso electrn̤ico
|
| 506 |
1 |
|
|a Disponible solo en los productos indicados
|d vLex Global
|d vLex Global (Academic Edition, excluding Law Schools)
|d vLex Global (U.S. Academic Edition, Law Schools)
|d vLex Global (U.S. Academic Edition, excluding Law Schools)
|d vLex Global (Academic Edition, Law Schools)
|
| 650 |
0 |
4 |
|a Derecho Pb︢lico y Administrativo
|z Colombia
|
| 700 |
1 |
|
|a Flr̤ez, Carmen Elisa
|
| 700 |
1 |
|
|a Cortš, Darwin
|
| 700 |
1 |
|
|a Ibarra, Marta Carolina
|
| 740 |
0 |
|
|a vLex Libros (Servicio en ln̕ea)
|
| 856 |
4 |
0 |
|u http://vlex.com/source/embarazo-temprano-evidencias-investigacion-colombia-31839
|z Acceso restringido
|
| 942 |
|
|
|c BOOK
|
| 999 |
0 |
|
|a Public and Administrative Law
|